First-Level Subdivisions With Megacities - Statistics

General Stats
  • This quiz has been taken 122 times
    107 since last reset
  • The average score is 30 of 39
Answer Stats
Country Subdivision % Correct
Japan Tokyo
96%
Philippines Manila
95%
United States New York
95%
Mexico Mexico
94%
Egypt Cairo
93%
Russia Moscow
93%
South Korea Seoul
93%
Thailand Bangkok
91%
Indonesia Jakarta
91%
China Shanghai
91%
China Beijing
90%
Argentina Buenos Aires
90%
Brazil Sao Paulo
90%
United States California
88%
India Delhi
88%
Nigeria Lagos
88%
Brazil Rio de Janeiro
88%
Iran Tehran
87%
Bangladesh Dhaka
86%
Turkey Istanbul
86%
Peru Lima
86%
Vietnam Ho Chi Minh City
85%
Japan Osaka
85%
DRC Kinshasa
84%
China Guangdong
76%
United Kingdom England
74%
France Ile de France
71%
India West Bengal
67%
Pakistan Punjab
63%
China Tianjin
63%
India Tamil Nadu
56%
Pakistan Sindh
55%
China Sichuan
52%
India Maharashtra
51%
South Africa Gauteng
45%
India Karnataka
40%
China Fujian
36%
India Telangana
35%
Japan Aichi
20%
No matching quizzes found
Score Distribution
Percent of People with Each Score
Percentile by Number Answered
Your Score History
You have not taken this quiz since the last reset